Statistics for Americas Origin Countries of the Most US Immigrants

Click here to take the quiz!

General Stats

  • This quiz has been taken 66 times
  • The average score is 12 of 15

Answer Stats

Population Living in USAmericas Origin Country% Correct
11,584,977Mexico
98%
1,144,024Cuba
92%
677,231Colombia
86%
991,046Dominican Republic
86%
593,980Haiti
86%
533,598Honduras
86%
440,292Peru
86%
1,252,067El Salvador
85%
337,040Brazil
83%
427,906Ecuador
83%
902,293Guatemala
83%
714,743Jamaica
83%
240,619Nicaragua
81%
259,815Guyana
59%
232,026Trinidad and Tobago
29%

Score Distribution

Percentile by Number Answered

Percent of People with Each Score

Your Score History

You have not taken this quiz